| 000 | 00896nam a22001457a 4500 | ||
|---|---|---|---|
| 999 |
_c518646 _d518646 |
||
| 008 | 211005b ||||| |||| 00| 0 eng d | ||
| 100 |
_aSamaddar, Sanyukta and Pankhuri Dutt E. _929706 |
||
| 245 | _aEmpowering the nation through Nari Shakti | ||
| 260 | _aKurukshetra | ||
| 300 | _a69(7), May, 2021: p.17-24 | ||
| 520 | _aImprovements in healthcare, education, and political representation have had a significant positive impact on the lives of Indian women. Government policies over the years have helped challenge regressive social and cultural practices that impacted gender equality. As we complete 75 years of India’s independence, we must ensure that existing barriers to the economic empowerment of women are also addressed such that Indian women also contribute equally to India’s growth story. – Reproduced | ||
| 773 | _aKurukshetra | ||
| 906 | _aWOMEN - INDIA | ||
| 942 | _cAR | ||